000 00532nam a2200193 a 4500
001 1770285652830
003 YourLibrary
005 20260205153743.0
008 260205s2006##################000#0#eng##
020 _a9780814408742
082 0 4 _a332.6
_bFER
100 1 _aFertig, Maury,
_eauthor.
245 1 0 _aThe 7 Deadly Sins of Investing :
260 _bAMACOM/American Management Association,
_c2006.
300 _a236 pages
650 0 _aBusiness & Economics.
942 _cENGLISH
040 _aYourLibrary
_beng
_cYourLibrary
999 _c610471
_d610471